Países más Grandes que sus Vecinos - Estadísticas

Estadísticas generales
  • Esta prueba ha sido intentada 3.603 veces
  • La puntuación promedio es 10 de 14
Estadísticas de respuestas
País % Correcto
Rusia
99%
Brasil
95%
Canadá
93%
R.D. Congo
82%
Argelia
80%
Sudáfrica
79%
Arabia Saudita
74%
Indonesia
72%
Irán
65%
Sudán
65%
Reino Unido
61%
Suecia
56%
República Dominicana
52%
Nicaragua
46%
No se encontraron pruebas coincidentes
Distribución de puntuación
Porcentaje de gente con cada puntuación
Porcentaje por número respondido
Historial de tus puntuaciones
No has intentado esta prueba.